| 000 | 00524nam a2200229Ia 4500 | ||
|---|---|---|---|
| 003 | 0100 | ||
| 008 | 130307s9999 xx 000 0 und d | ||
| 020 | _a0582414377 | ||
| 040 | _cARRUPELIB | ||
| 050 | _aDT1757.C54 2004 | ||
| 100 | _aClark, Nancy L | ||
| 245 | _aSouth Africa | ||
| 245 | _bthe rise and fall of apatheid | ||
| 260 | _aLondon | ||
| 260 | _bPearson | ||
| 260 | _c2004 | ||
| 300 | _a180p. | ||
| 300 | _b23cm | ||
| 650 | _bDescartes, Rene--Mathematics | ||
| 700 | _aWorger, William H | ||
| 942 | 0 | 0 | _01 |
| 999 |
_c97571 _d97571 |
||